|
|
|
|
| LEADER |
00000nam0a2200000 4500 |
| 001 |
263431 |
| 005 |
20231101233734.0 |
| 020 |
|
|
|a RU
|b 87-79522
|
| 035 |
|
|
|a (RuTPU)RU\TPU\book\286416
|
| 090 |
|
|
|a 263431
|
| 100 |
|
|
|a 20140609d1987 k a0rusy5003 ca
|
| 101 |
0 |
|
|a rus
|
| 102 |
|
|
|a RU
|
| 105 |
|
|
|a a z 001zy
|
| 200 |
1 |
|
|a Система автоматизированного проектирования технологии горячей объемной штамповки
|f Ч. А. Алиев, Г. П. Тетерин
|
| 210 |
|
|
|a Москва
|c Машиностроение
|d 1987
|
| 215 |
|
|
|a 220 с.
|c ил.
|
| 320 |
|
|
|a Библиогр.: с. 220-221 (38 назв.)
|
| 606 |
1 |
|
|a Кузнечно-штамповочное производство
|2 stltpush
|3 (RuTPU)RU\TPU\subj\16645
|9 42597
|
| 610 |
1 |
|
|a металлы
|
| 610 |
1 |
|
|a автоматизированные системы проектирования
|
| 610 |
1 |
|
|a горячая штамповка
|
| 610 |
1 |
|
|a штамповка
|
| 610 |
1 |
|
|a технологическое проектирование
|
| 610 |
1 |
|
|a автоматизация
|
| 610 |
1 |
|
|a математическое обеспечение
|
| 675 |
|
|
|a 621.735:658
|z rus
|
| 700 |
|
1 |
|a Алиев
|b Ч. А.
|g Чингиз Агамоглан оглы
|4 070
|
| 701 |
|
1 |
|a Тетерин
|b Г. П.
|g Герман Прокопьевич
|4 070
|
| 801 |
|
0 |
|a RU
|b RuMRKP
|c 19950417
|g psbo
|
| 801 |
|
1 |
|a RU
|b 63413507
|c 20140609
|
| 801 |
|
2 |
|a RU
|b 63413507
|c 20150225
|g RCR
|
| 942 |
|
|
|c BK
|